000 00580nam a22001697a 4500
003 NUST
038 _aNusrat Nadeem
082 _a200
100 _aEjaz, Hassan
_935507
245 _aInvestigating The Effect of Carbonaceous Nanofillers on Strength Properties of Adhesive Lap Shear Joints /
_cHassan Ejaz
264 _aIslamabad;
_bSMME NUST;
_c2024.
300 _a252,p;
_bill;
_c30,cm.
650 _aPhD- Mechanical Engineering
_984150
700 _aSupervisor : Dr. Aamir Mubashar
_9119655
856 _uhttp://10.250.8.41:8080/xmlui/handle/123456789/42123
942 _2ddc
_cTHE
999 _c609448
_d609448